Clic Combien de litres d'eau / habitant / jour pour ces pays ? - Statistiques

Statistiques générales
  • Ce quiz a été pris 16 fois
  • Le résultat moyen est 2 sur 18
Statistiques - réponses
Hint Réponse % Correct
Bulgarie 101 litres
30%
Suisse 252 litres
30%
Tchéquie 095 litres
20%
Royaume-Uni 153 litres
20%
Suède 194 litres
20%
Finlande 213 litres
20%
Italie 213 litres
20%
Hongrie 101 litres
10%
Pays-Bas 129 litres
10%
Autriche 153 litres
10%
Espagne 200 litres
10%
Pologne 098 litres
0%
Belgique 112 litres
0%
Allemagne 129 litres
0%
Irlande 142 litres
0%
Luxembourg 150 litres
0%
France 151 litres
0%
Danemark 159 litres
0%
Aucun quiz correspondant
Distribution des résultats
% des personnes avec chaque résultat
Percentile par nombre de réponses
Votre historique - résultats
Vous n’avez pas pris ce quiz